01377 2200397 4500001002100000005001500021035002000036007000300056008004100059020001800100082000800118084001500126084001300141100003400154245024800188250001200436300003800448650001700486650001700503700003000520700004300550700002800593700002900621700003200650700002700682700003100709700002600740700002900766700003200795264005200827336002100879337003000900338002300930990001300953990001300966INLIS00000000112101320230906113201 a0010-0923000061ta230906 0 ind  a9786231530158 a635 aD BIOL4423 aBIOL44230 aYuni Tri HewindatiePengarang1 aHortikultura :b1-9 / BIOL4423 / 3 SKS /cYuni Tri Hewindati, Inggit Winarni, Kristanti Ambar Puspitasari, S. Nurmawati, Hurip Pratomo, Elizabeth Novi K, Adi Waskito, Susi Sulistiana, LulaNadila, Edi Purwanto (Editor), Susi Sulistiana (Editor) aEdisi 2 a464 Halaman :bIlustrasi ;c27 cm 4aHortikultura 4aHorticulture0 aInggit WinarniePengarang0 aKristanti Ambar PuspitasariePengarang0 aS. NurmawatiePengarang0 aHurip PratomoePengarang0 aElizabeth Novi KePengarang0 aAdi WaskitoePengarang0 aSusi SulistianaePengarang0 aLulaNadilaePengarang0 aEdi PurwantoePenyunting0 aSusi SulistianaePenyunting aTangerang Selatan :bUniversitas Terbuka,c2023 2rdacontentaTeks 2rdamediaaTanpa Perantara 2rdacarrieraVolume a23/30304 a23/90303